Statistics for Country By First Line of National Anthem

Click here to take the quiz!

General Stats

  • This quiz has been taken 125 times
  • The average score is 6 of 12

Answer Stats

First line of AnthemCountry% Correct
O say can you seeUSA
93%
Lord bless AfricaSouth Africa
86%
Arise, ye who refuse to be slaves!China
79%
Arise, children of the Fatherland! The day of glory has arrivedFrance
75%
May your reign continue for a thousand, eight thousand generationsJapan
71%
Thou art the ruler of the minds of all peopleIndia
51%
O happy Rome, O happy RomeVatican City
44%
Yes, we love this country as it rises forthNorway
36%
Woven from hundreds of flowers, we are one garlandNepal
31%
Ertra, Ertra, Ertra, the barbarian army humiliatingly defeatedEritrea
22%
Oh, unwithering glory! Oh, immortal jubilance!Colombia
21%
Orientals, the Fatherland or the grave, Liberty or with glory we die!Uruguay
20%

Score Distribution

Percentile by Number Answered

Percent of People with Each Score

Your Score History

You have not taken this quiz